<?xml version="1.0" encoding="UTF-8"?>
<record
    xmlns:xsi="http://www.w3.org/2001/XMLSchema-instance"
    xsi:schemaLocation="http://www.loc.gov/MARC21/slim http://www.loc.gov/standards/marcxml/schema/MARC21slim.xsd"
    xmlns="http://www.loc.gov/MARC21/slim">

  <leader>03205nam a2200373uu 4500</leader>
  <controlfield tag="001">1372352</controlfield>
  <controlfield tag="005">20260508085504.0</controlfield>
  <controlfield tag="007">co|||||||</controlfield>
  <controlfield tag="008">140527e20130527                    spa  </controlfield>
  <datafield tag="035" ind1=" " ind2=" ">
    <subfield code="a">1372352</subfield>
  </datafield>
  <datafield tag="040" ind1=" " ind2=" ">
    <subfield code="c">comduadb</subfield>
  </datafield>
  <datafield tag="041" ind1=" " ind2=" ">
    <subfield code="a">spa</subfield>
  </datafield>
  <datafield tag="082" ind1=" " ind2="4">
    <subfield code="a">363</subfield>
  </datafield>
  <datafield tag="100" ind1="1" ind2="0">
    <subfield code="a">Rojas Wilches, Sebastian Alfonso</subfield>
    <subfield code="4">aut</subfield>
    <subfield code="e">aut</subfield>
    <subfield code="9">700171</subfield>
  </datafield>
  <datafield tag="245" ind1="1" ind2="0">
    <subfield code="a">Proponer actividades y alternativas l&#xFA;dico educativas para el ahorro de agua potable en la Instituci&#xF3;n Educativa Divino Ni&#xF1;o Jes&#xFA;s sede principal. Caucasia Antioquia - 2013</subfield>
  </datafield>
  <datafield tag="260" ind1=" " ind2=" ">
    <subfield code="a">Caucasia (Antioquia, Colombia) :</subfield>
    <subfield code="b">Autor(a),</subfield>
    <subfield code="c">2013.</subfield>
  </datafield>
  <datafield tag="300" ind1=" " ind2=" ">
    <subfield code="a">1 CD-ROM</subfield>
  </datafield>
  <datafield tag="520" ind1="3" ind2=" ">
    <subfield code="a">Es bien sabido por todos que el agua es un recurso fundamental e importante para el desarrollo de la vida, lo cual nos hace que tomemos conciencia de su uso adecuado, proteger su utilizaci&#xF3;n y su correcto uso pero mientras que en partes del mundo el agua es muy escaza y millones de personas mueren a falta de este recurso; en nuestro pa&#xED;s y m&#xE1;s a&#xFA;n en el municipio de Caucasia, el agua no es tan valorada. Por todo ello, nuestros h&#xE1;bitos de consumo derrochadores e irresponsables, el aumento de la poblaci&#xF3;n, la contaminaci&#xF3;n de las fuentes b&#xE1;sicas de acceso al agua como es las fuentes superficiales y otros factores han provocado que en lugares tan importantes como las instituciones educativas en este caso la I.E. Divino Ni&#xF1;o encontremos deficiencia en el servicio de agua potable. El proyecto busca alternativas, mostrar y explicar que es manejo, uso y ahorro 
de agua potable, mediante charlas l&#xFA;dicas de contacto directo con la poblaci&#xF3;n afectada, para el ahorro de agua potable y ver la viabilidad y factibilidad de la implementaci&#xF3;n de sistemas alternativos como es sistema de captaci&#xF3;n de agua lluvia que permita contar con este recurso, pues en estos tiempos la capacidad de conseguir agua por otros medios no es tan descabellada, ya que al pasar los a&#xF1;os y con los impactos ambientales del &#xFA;ltimo siglo esta se encuentra en riesgo de escasear. Es importante reconocer que en nuestro medio este es un tema de importancia ya que como tecn&#xF3;logos estamos en la obligaci&#xF3;n de mediar tanto por el medio ambiente como por la comunidad. Altos costos del recibo de agua, suspender las clases 2 a 3 veces en la semana disminuci&#xF3;n del estudiantado, falta de conocimiento de materia ambiental son las consecuencias que puede presentar este problema.</subfield>
  </datafield>
  <datafield tag="650" ind1=" " ind2="7">
    <subfield code="a">Abastecimiento de agua</subfield>
    <subfield code="2">lemb</subfield>
    <subfield code="9">2468</subfield>
  </datafield>
  <datafield tag="650" ind1=" " ind2=" ">
    <subfield code="a">Aguas lluvias</subfield>
    <subfield code="9">64536</subfield>
  </datafield>
  <datafield tag="650" ind1=" " ind2="7">
    <subfield code="a">Agua potable</subfield>
    <subfield code="2">embne</subfield>
    <subfield code="9">2293</subfield>
  </datafield>
  <datafield tag="650" ind1=" " ind2=" ">
    <subfield code="a">Ahorro del agua</subfield>
    <subfield code="9">83317</subfield>
  </datafield>
  <datafield tag="650" ind1=" " ind2="7">
    <subfield code="a">Conservaci&#xF3;n del agua</subfield>
    <subfield code="2">lemb</subfield>
    <subfield code="9">5944</subfield>
  </datafield>
  <datafield tag="650" ind1=" " ind2=" ">
    <subfield code="a">Uso del agua</subfield>
    <subfield code="9">200041</subfield>
  </datafield>
  <datafield tag="650" ind1=" " ind2=" ">
    <subfield code="a">Gesti&#xF3;n del agua</subfield>
    <subfield code="9">34438</subfield>
  </datafield>
  <datafield tag="650" ind1=" " ind2=" ">
    <subfield code="a">Actividades l&#xFA;dicas</subfield>
    <subfield code="9">9730</subfield>
  </datafield>
  <datafield tag="650" ind1=" " ind2=" ">
    <subfield code="a">Racionamiento de agua</subfield>
    <subfield code="9">66814</subfield>
  </datafield>
  <datafield tag="650" ind1=" " ind2=" ">
    <subfield code="a">Institucion Educativa Divino Ni&#xF1;o (Caucasia)</subfield>
    <subfield code="9">198282</subfield>
  </datafield>
  <datafield tag="650" ind1=" " ind2="7">
    <subfield code="a">Educaci&#xF3;n ambiental</subfield>
    <subfield code="2">lemb</subfield>
    <subfield code="9">4704</subfield>
  </datafield>
  <datafield tag="700" ind1="1" ind2="0">
    <subfield code="a">P&#xE9;rez Osorno, Margarita Mar&#xED;a</subfield>
    <subfield code="4">ths</subfield>
    <subfield code="e">ths</subfield>
    <subfield code="9">352747</subfield>
  </datafield>
  <datafield tag="700" ind1="1" ind2="0">
    <subfield code="a">Oro Mart&#xED;nez, Ren&#xE9; de</subfield>
    <subfield code="4">ths</subfield>
    <subfield code="e">ths</subfield>
    <subfield code="9">715737</subfield>
  </datafield>
  <datafield tag="942" ind1=" " ind2=" ">
    <subfield code="c">TESIS</subfield>
  </datafield>
  <datafield tag="999" ind1=" " ind2=" ">
    <subfield code="c">689454</subfield>
    <subfield code="d">689454</subfield>
  </datafield>
  <datafield tag="500" ind1=" " ind2=" ">
    <subfield code="a">Tesis (Tecn&#xF3;logo en Medio Ambiente) Universidad de Antioquia. Facultad Nacional de Salud Publica - T&#xED;tulo del grado otorgado</subfield>
  </datafield>
  <datafield tag="952" ind1=" " ind2=" ">
    <subfield code="0">0</subfield>
    <subfield code="1">0</subfield>
    <subfield code="4">0</subfield>
    <subfield code="7">0</subfield>
    <subfield code="8">DIGITAL</subfield>
    <subfield code="a">CAUCA</subfield>
    <subfield code="b">CAUCA</subfield>
    <subfield code="d">2014-05-27</subfield>
    <subfield code="e">Material adquirido por donaci&#xF3;n</subfield>
    <subfield code="i">C1204775</subfield>
    <subfield code="l">0</subfield>
    <subfield code="o">363.61 R741 CD-ROM</subfield>
    <subfield code="p">0698387</subfield>
    <subfield code="r">2023-05-02 00:00:00</subfield>
    <subfield code="t">1</subfield>
    <subfield code="w">2023-05-02</subfield>
    <subfield code="y">DIGITAL</subfield>
  </datafield>
</record>
